Трима френски поети (Запис номер 87617)
[ съкратено ]
| 000 -Лидер | |
|---|---|
| Контролно поле с фиксирана дължина | 01384nam a2200313 c 4500 |
| 003 - Код на организацията, давaща контролен номер | |
| Контролно поле | BLK |
| 005 - Дата и час на последна редакция | |
| Контролно поле | 20211013113706.0 |
| 008 - Елементи от данни с фиксирана дължина | |
| fixed length control field | 180408b bul|||||r ||||||| ||bul|| |
| 010 ## - Наследен системен номер | |
| LC control number | KNG00092262000 |
| 040 ## - Източник на каталожния запис | |
| Идентификатор на билиотеката - собственик на записа | BLK |
| 041 ## - Код за език | |
| Код за езика на текст/звукозапис или на отделно заглавие | Български |
| Код за езика КДБФ | Български |
| 080 ## - УДК | |
| Текстов определител УДК | Френска литература |
| УДК код - определител по УДК | 821.133.1 |
| УДК определител | -1 |
| УДК - код + определител | 821.133.1-1 |
| 139 ## - Редно поле | |
| Редна дума | Трима френски поети |
| Авторски знак | Три - Т 83 |
| 245 10 - Сведения за заглавието | |
| Заглавие | Трима френски поети |
| Подзаглавни данни | Шарл Бодлер, Пол Верлен, Артюр Рембо |
| Редно поле (дума) | подб. и прев. Кирил Кадийски. |
| 257 ## - Страна на издаване | |
| Страна на създаване/издаване | Русия |
| 260 ## - Област на издателските данни | |
| Име на издателя, разпространителя и проч. | Нар. култура |
| Година на издаване | 1978 |
| Печатница | София : ДПК Д. Благоев |
| 300 ## - Физическа характеристика | |
| Страници | 188 с., 3 л. портр. |
| Размери/Мащаб | 16 см |
| 380 ## - Жанр | |
| Жанр | Худож. лит. |
| 490 ## - СЕРИИ (Колекции) | |
| Име на серия | Библиотека Панорама |
| №: серия | № 97 |
| 9 (RLIN) | 201932 |
| 490 ## - СЕРИИ (Колекции) | |
| Име на серия | Серия Поезия |
| №: серия | № 6 |
| 9 (RLIN) | 204430 |
| 500 ## - Общи забележки | |
| Забележка | Без сведение за ориг. загл. - Съдържа и Шарл Бодлер - живот в дати ; Пол Верлен - живот в дати ; Артюр Рембо - живот в дати. |
| 653 ## - Ключова дума – ненормативна | |
| Ключова дума | стихотворения |
| 700 1# - Други автори (авторска отговорност) | |
| Лично име | Кадийски, Кирил |
| Автороска отговорност (Описва отношението между автора и произведението) | подб. и прев. |
| 9 (RLIN) | 363853 |
| 852 ## - Местоположение | |
| Форматна сигнатура | Цб І 16961 |
| 856 4# - Електронен адрес и достъп | |
| Електронен формат | pdf - файл |
| 856 4# - Електронен адрес и достъп | |
| Електронен формат | pdf - файл |
| 999 ## - СИСТЕМНИ КОНТРОЛНИ НОМЕРА | |
| Koha biblionumber | 87617 |
| Koha biblioitemnumber | 87617 |
| 942 ## - АРТИКУЛИ | |
| Вид на библиотечния материал | Книги |
| Скрит в OPAC | Не |
| Koha issues (borrowed), all copies | 2 |
| Периодичен библиозапис | Да |
| 944 ## - СЪЗДАВАНЕ И РЕДАКЦИЯ на ЗАПИСА | |
| Създаване/Редакция | Създаване |
| Дата на регистрацията/редакция | 27.10.2009 |
| Статус, дата на статуса | ф / |
| Служител, извършил регистрацията/редакцията | Людмила_Стоянова |
| 944 ## - СЪЗДАВАНЕ И РЕДАКЦИЯ на ЗАПИСА | |
| Създаване/Редакция | Редакция |
| Дата на регистрацията/редакция | 14.01.2010 |
| Статус, дата на статуса | ф / |
| 999 ## - СИСТЕМНИ КОНТРОЛНИ НОМЕРА | |
| Koha biblioitemnumber | 87617 |
| 999 ## - СИСТЕМНИ КОНТРОЛНИ НОМЕРА | |
| Koha biblioitemnumber | 87617 |
| Код за отписване | Код за изгубен артикул | Източник на класификационната схема | Код за повреда | Коз за рестрикции | Код за отдаване | Артикулен № | Име на библиотеката - собственик | Име на библиотеката, в която се намира в момента | Статус (Текущо местоположение) | Дата на вписване в системата | Местоположение - отдел | Цена в лева | Инвентарен номер | Систематично азбучна сигнатура | Баркод | Номер на екземпляра | Цена в евро | Служебна бележка | Служебен тип на артикула |
|---|---|---|---|---|---|---|---|---|---|---|---|---|---|---|---|---|---|---|---|
| Не е изгубен | Universal Decimal Classification | Не е повреден | без рестрикции | заемане за дома | 141865 | Регионална библиотека "Любен Каравелов" Русе | Регионална библиотека "Любен Каравелов" Русе | Заемна - подръчен фонд | 2009-10-27 | Заемна - подръчен фонд | 1.00 | 120000739340 | 821-1/Т 83 | 120000739340 | 1 | 0.51 | Дост: DA Вид: А N: 14 Дата: 27.10.2009 Дата инв: 13.02.2018 Бележки инв: П2018 | Книги | |
| Не е изгубен | Universal Decimal Classification | Не е повреден | само за читалня | ползва се в читалня | 141866 | Регионална библиотека "Любен Каравелов" Русе | Регионална библиотека "Любен Каравелов" Русе | Хранилище | 1978-01-01 | Хранилище | 1.00 | 275501 | Цб І 16961 | 120000275501 | 2 | 0.51 | Дост: Dp Вид: Д N: стар фонд Дата: 01.01.1978 | Книги | |
| Изтеглен | Не е изгубен | Universal Decimal Classification | Не е повреден | без рестрикции | заемане за дома | 141867 | Регионална библиотека "Любен Каравелов" Русе | Регионална библиотека "Любен Каравелов" Русе | Заемна - подръчен фонд | 1978-01-01 | Заемна - подръчен фонд | 1.00 | 275623 | П 840-1/Т 83 | 275623 | 3 | 0.51 | Дост: Pk Вид: Ф N: стар фонд Дата: 01.01.1978 | Книги |
| Изтеглен | Не е изгубен | Universal Decimal Classification | Не е повреден | без рестрикции | заемане за дома | 141868 | Регионална библиотека "Любен Каравелов" Русе | Регионална библиотека "Любен Каравелов" Русе | Заемна - подръчен фонд | 1978-01-01 | Заемна - подръчен фонд | 1.00 | 275624 | П 840-1/Т 83 | 275624 | 4 | 0.51 | Дост: Pk Вид: Ф N: стар фонд Дата: 01.01.1978 | Книги |